| 000 | 00930nam a22002537a 4500 | ||
|---|---|---|---|
| 005 | 20170123162334.0 | ||
| 010 | _aA-791541 | ||
| 020 | _c60.00 | ||
| 035 | _aA-791541 | ||
| 037 | _bCen Lib/Ret | ||
| 040 |
_aDPL _bUR |
||
| 082 |
_a841.08 _bع ب د |
||
| 100 |
_aعبد الحق حققانی القسمی _9137097 |
||
| 245 |
_aفلسطین کے چار ممتاز شعرا / _cعبد الحق حققانی القسمی |
||
| 246 |
_aFilisteen ke char mumtaz shora / _bby Abdul Haq Haqqani Al Qasmi |
||
| 260 |
_aنیی دہلی _bتخلیقکار پبلیکیشنز _c1995 |
||
| 270 |
_bنیی دہلی _a١٧٧٩، کوچہ دکھنی رائی دریاگنج _e110002 |
||
| 300 |
_a176p. _c21cm(Hb) |
||
| 650 |
_a ادب - اردو _9137098 |
||
| 650 |
_a اردو مضامین _9137099 |
||
| 650 |
_aLiterature -- Urdu _9137100 |
||
| 650 |
_aUrdu Essays _9528 |
||
| 942 |
_2ddc _cUR _h841.08 _mع ب د |
||
| 999 |
_c108006 _d108006 |
||